Les sommets de plus de 4000m de Suisse - Statistiques

Statistiques générales
  • Ce quiz a été pris 45 fois
  • Le résultat moyen est 15 sur 48
Statistiques - réponses
Alt. Sommets % Correct
4478 Matterhorn | Cervin
96%
4634 Dufourspitze | Pointe Dufour
81%
4158 Jungfrau
81%
4506 Weisshorn
69%
4358 Dent Blanche
58%
4221 Zinalrothorn
54%
4151 Bishorn
50%
4313 Grand Combin | Combin de Grafeneire
50%
4110 Mönch
50%
4027 Allalinhorn
46%
4223 Castor
46%
4547 Dom des Mischabel | Dom
46%
4274 Finsteraarhorn
46%
4048 Piz Bernina
42%
4089 Pollux
42%
4173 Dent d'Hérens
38%
4013 Weissmies
38%
4194 Aletschhorn
35%
4203 Alphubel
35%
4608 Nordend
35%
4491 Täschhorn
35%
4139 Breithorn Oriental
31%
4160 Breithorn Occidental
27%
4063 Ober Gabelhorn
27%
4554 Signalkuppe | Pointe Gnifetti
27%
4190 Strahlhorn
27%
4533 Liskamm Oriental
23%
4327 Nadelhorn
23%
4078 Schreckhorn
23%
4010 Lagginhorn
19%
4479 Liskamm Occidental
19%
4042 Lauteraarhorn
15%
4431 Parrotspitze | Pointe Parrot
15%
4199 Rimpfischhorn
15%
4154 Breithorn Central
12%
4186 Combin de Valsorey
12%
4293 Lenzspitze
12%
4563 Zumsteinspitze | Pointe Zumstein
12%
4106 Breithornzwillinge | Breithorn Zwillinge
8%
4135 Combin de la Tsessette
8%
4240 Stecknadelhorn
8%
4035 Dürrenhorn
4%
4049 Gross Fiescherhorn
4%
4043 Gross Grünhorn
4%
4029 Hinter Fiescherhorn
4%
4218 Hohbärghorn | Hohberghorn
4%
4341 Ludwigshöhe | Pointe Ludwig
4%
4069 Roccia Nera
4%
Aucun quiz correspondant
Distribution des résultats
% des personnes avec chaque résultat
Percentile par nombre de réponses
Votre historique - résultats
Vous n’avez pas pris ce quiz